00462cam a2200181 i 4500001000800000005001700008008004100025010001700066020001500083040001800098041000800116080001200124082001200136100000600148101000800154245007800162740004000240462887720180131033924.0781207s1978 nyua 001 0 eng  a 78020842  a0671249592 aDLCcDLCdDLC aeng a612 BEV00a612 BEV1 a7 aANA14aThe Simon and Schuster handbook of anatomy and physiology /cJames Bevan. aHandbook of anatomy and physiology.